000 00589nam a2200217uu 4500
001 WIIW0000188
003 OSt
005 20250124134554.0
007 tu
008 250124t2020 xxk||||| ||||||0| | eng d
020 _a5-89770-006-0
040 _cOSt
041 _aeng
100 _dRussian Academy of Sciences
245 0 0 _aPost-Socialist Countries in the Globalizing World
260 _aMoscow:
_bInstitute for International Economic and Political Studies.
_c2001.
300 _a386 S. ;
_c21,5 cm.
650 _aGlobalization
651 _aPost-Socialist Countries
942 _cB
_2z
999 _c9078
_d9078